Leijonien pistepörssin parhaat pelaajat - Statistics

Yleistilastot
  • Tätä visaa on pelattu 27 kertaa
  • Keskiarvotulos 23 / 50
Vastaustilastot
# G + A TP % Oikein
11 EsaPeltonen 29 + 16 46
95%
50 JormaPeltonen 10 + 16 26
95%
9 TeemuSelänne 25 + 23 48
95%
1 VillePeltonen 34 + 47 81
95%
6 MikaelGranlund 15 + 39 54
89%
13 MikkoKoivu 17 + 29 46
89%
4 SakuKoivu 17 + 39 56
89%
23 SebastianAho 14 + 22 36
84%
20 JariKurri 19 + 19 38
79%
2 PetteriNummelin 15 + 49 64
79%
3 RaimoHelminen 12 + 48 60
79%
26 TimoJutila 13 + 21 34
79%
25 ChristianRuuttu 17 + 17 34
74%
21 MikkoLehtonen 11 + 26 37
74%
33 MikkoRantanen 9 + 22 31
74%
5 NikoKapanen 23 + 31 54
74%
31 SakariManninen 11 + 20 31
74%
18 SamiKapanen 22 + 17 39
74%
28 JarkkoImmonen 19 + 13 32
68%
14 JussiJokinen 16 + 30 46
68%
12 OlliJokinen 21 + 25 46
68%
44 JannePesonen 8 + 19 27
58%
32 KimmoTimonen 10 + 21 31
53%
16 MikaNieminen 22 + 22 44
42%
45 TeuvoTeräväinen 6 + 21 27
42%
22 Veli-PekkaKetola 22 + 14 36
42%
49 JanneOjanen 11 + 15 26
37%
8 JuhaniTamminen 23 + 26 49
37%
10 KariJalonen 21 + 27 48
37%
34 JereKaralahti 14 + 16 30
32%
24 EsaKeskinen 7 + 28 35
26%
36 JukkaHentunen 15 + 14 29
26%
43 TimoPärssinen 9 + 18 27
26%
15 TomiKallio 21 + 24 45
26%
35 HannuVirta 5 + 25 30
21%
7 LasseOksanen 26 + 23 49
21%
40 PekkaRautakallio 10 + 18 28
21%
17 PetriKontiola 17 + 25 42
21%
37 KariMakkonen 16 + 12 28
16%
38 PekkaMarjamäki 15 + 13 28
16%
27 MattiKeinonen 20 + 12 32
11%
48 HenryLeppä 12 + 14 26
5%
42 RaimoKilpiö 17 + 10 27
5%
30 HannuJärvenpää 19 + 12 31
0%
39 KimmoRintanen 13 + 15 28
0%
19 LauriMononen 21 + 18 39
0%
46 PerttiKoivulahti 6 + 21 27
0%
47 SeppoAhokainen 15 + 11 26
0%
41 SeppoRepo 18 + 9 27
0%
29 TeppoRastio 20 + 11 31
0%
Ehtoja vastaavia visoja ei löytynyt
Tulosjakauma
Jokaisen tuloksen saaneiden osuus
Persentiili vastausten määrän mukaan
Tuloshistoriasi
Et ole pelannut tätä visaa